书目信息 |
| 题名: |
认识小儿内分泌系统疾病
|
|
| 作者: | 李燕晋 , 黄琪钰 著 | |
| 分册: | ||
| 出版信息: | 天津 天津科技翻译出版公司 2003.05 |
|
| 页数: | 152页 | |
| 开本: | 21cm | |
| 丛书名: | 儿童医学小百科 | |
| 单 册: | ||
| 中图分类: | R725.8 | |
| 科图分类: | ||
| 主题词: | 小儿疾病--xiao er ji bing--内分泌病--问答 | |
| 电子资源: | ||
| ISBN: | 7-5433-1634-X | |
| 000 | 01084nam 2200265 450 | |
| 001 | 012008864309 | |
| 005 | 20080322162208.62 | |
| 010 | @a7-5433-1634-X@dCNY8.00 | |
| 100 | @a20080322d2003 km y0chiy0120 ea | |
| 101 | 0 | @achi |
| 102 | @aCN@b120000 | |
| 105 | @aa z 000yy | |
| 106 | @ar | |
| 200 | 1 | @a认识小儿内分泌系统疾病@Aren shi xiao er nei fen mi xi tong ji bing@f李燕晋, 黄琪钰著@Fli yan jin,huang qi yu zhu |
| 210 | @a天津@c天津科技翻译出版公司@d2003.05 | |
| 215 | @a152页@c图@d21cm | |
| 225 | 2 | @a儿童医学小百科@Aer tong yi xue xiao bai ke |
| 330 | @a本书共分16章,主要内容包括以下几个方面:脑垂体疾病,甲状腺疾病,甲状旁腺疾病,肾上腺疾病,胰腺疾病,性腺疾病等。全书结合临床病例,以浅显的语言文字介绍了各病症的病因、临床症状、检查、治疗等。同时对于目前能预防的疾病,本书也提供了可行的预防方法。 | |
| 410 | 0 | @12001 @a儿童医学小百科 |
| 606 | 0 | @a小儿疾病@Axiao er ji bing@x内分泌病@j问答 |
| 690 | @aR725.8@v4 | |
| 701 | 0 | @a李燕晋@Ali yan jin@4著 |
| 701 | 0 | @a黄琪钰@Ahuang qi yu@4著 |
| 801 | 0 | @aCN@bQSSK@c20080322 |
| 905 | @b20290107-09@dR725.8@eL312@f3 | |
| 认识小儿内分泌系统疾病/李燕晋, 黄琪钰著.-天津:天津科技翻译出版公司,2003.05 |
| 152页:图;21cm.-(儿童医学小百科) |
| ISBN 7-5433-1634-X:CNY8.00 |
| 本书共分16章,主要内容包括以下几个方面:脑垂体疾病,甲状腺疾病,甲状旁腺疾病,肾上腺疾病,胰腺疾病,性腺疾病等。全书结合临床病例,以浅显的语言文字介绍了各病症的病因、临床症状、检查、治疗等。同时对于目前能预防的疾病,本书也提供了可行的预防方法。 |
| ● |
| 相关链接 |
|
|
|
正题名:认识小儿内分泌系统疾病
索取号:R725.8/L312
 
预约/预借
| 序号 | 登录号 | 条形码 | 馆藏地/架位号 | 状态 | 备注 |
| 1 | 290107 | 202901075 | 自科库401/401自科库 20排3列3层/ [索取号:R725.8/L312] | 在馆 | |
| 2 | 290108 | 202901084 | 自科库401/401自科库 20排3列3层/ [索取号:R725.8/L312] | 在馆 | |
| 3 | 290109 | 202901093 | 自科库401/401自科库 20排3列3层/ [索取号:R725.8/L312] | 在馆 |